000 01268nam a2200253Ia 4500
003 Ost
005 20260507075149.0
008 260507s9999||||xx |||||||||||||| ||und||
020 _a153212977
040 _cfsecg
041 _aara
082 _a330
100 _aالاقداحى، هشام محمود
_eمؤلف
245 0 _aمعالم الاستراتيجية للتنمية الاقتصادية و القومية في البلدان النامية /
_c هشام محمود الاقداحى
260 _aالاسكندرية:
_bمؤسسة شباب الجامعة,
_c2009
300 _a291 صفحة؛
_c24 سم
504 _aمراجع ص.291 (اقتناءات 2014 3ن)
520 _aقضايا التخلف و خصائصه ، التنمية الاقتصادية ، مقاييس النمو الاقتصادية و الاجتماعية و إستراتيجية التنمية ، التكامل الاقتصاددي ، أزمة التكامل و التنمية ، التخطيط للتنمية ، التخطيط الاجتماعي ، مشكلات التوافق الاجتماعي
653 _aالبلدان النامية
653 _aالتخطيط
653 _aالتخلف
653 _aالتنمية الاقتصادية
942 _cكتاب
999 _c43330
_d43330